Normal view
MARC view
Entry Personal Name
001 - CONTROL NUMBER
- control field: 41131
003 - CONTROL NUMBER IDENTIFIER
- control field: dpl
005 - DATE AND TIME OF LATEST TRANSACTION
- control field: 20120208110345.0
008 - FIXED-LENGTH DATA ELEMENTS
- fixed length control field: 120208|||a|||||| | ||| d
040 ## - CATALOGING SOURCE
- Original cataloging agency: dpl
- Transcribing agency: dpl
100 ## - HEADING--PERSONAL NAME
- Personal name: मॉर्डन,स्वेट
670 ## - SOURCE DATA FOUND
- Source citation: Work cat.: (dpl)30402: मॉर्डन,स्वेट, सबसे बड़ा शत्रु /, 2005
670 ## - SOURCE DATA FOUND
- Source citation: Work cat.: (dpl)30402: मॉर्डन,स्वेट, सबसे बड़ा शत्रु /, 2005
